000
00309nam a22001337a 4500
008
170907b xxu||||| |||| 00| 0 eng d
020
_a
9780155011984
041
_a
eng
080
_a
91
100
_a
42
101
_a
GJEO
245
_a
THE MAINSTREAM OF CIVILIZATION TO 1500
_c
CHODOROW, S
942
_2
udc
_c
BK
999
_c
26670
_d
26670